| 000 | 01084nam a22001937a 4500 | ||
|---|---|---|---|
| 999 |
_c59555 _d59555 |
||
| 003 | Ge_BSU | ||
| 005 | 20230315144026.0 | ||
| 008 | 230314s1999 ge ||||| |||| 00| 0 geo d | ||
| 041 | _ageo | ||
| 080 | _a343.982.34 : 343.85](075.8) ფ-32 | ||
| 100 |
_aფაფიაშვილი, შოთა _93829 |
||
| 245 |
_aდაქტილოსკოპია და მისი როლი დამნაშავეობასთან ბრძოლის საქმეში : _b(თეორია და პრაქტიკა) : დამხმ. სახელმძღვ. იურიდ. ფაკ. სტუდ. / _c შოთა ფაფიაშვილი. |
||
| 264 |
_aთბილისი : _bცოდნის წყარო, _c1999. |
||
| 300 |
_a232 გვ. : _bფოტ. ; _c21 სმ. |
||
| 504 | _aბიბლიოგრ. ტექსტ. შენიშვნ. და გვ. 225-230. | ||
| 653 | _aდაქტილოსკოპია | ||
| 653 | _aდამნაშავეობასთან ბრძოლა | ||
| 942 |
_2udc _cBK |
||